000 01174nam a2200313 a 4500
001 000112477
003 CHAP
005 20220329144308.0
008 160418s2016 mx sm |||||||spa d
010 _a108938
011 _a109910
040 _cCHAP
090 _aTesis
100 1 _aGonzález Trujillo, Yesenia
_9130776
245 1 0 _aDiseño extructural y estrategias de las tiendas de conveniencia bajo régimen de franquicia
_h[En línea]
_cpor Yesenia González Trujillo.
260 _aChapingo, Méx. :
_bEl autor,
_c2016.
500 _aPara ver el contenido del material haga clic en la liga
502 _aTesis (Lic. en Comercio Internacional de Productos Agropecuarios) -- UACH. División de Ciencias Económico Administrativas
590 _aE11695DGD
_b10
_c20160427
_lUCH01
_h0958
590 _aE5765TAJ
_b05
_c20160418
_lUCH01
_h1131
590 _aE5765TAJ
_b05
_c20160418
_lUCH01
_h1131
650 1 4 _aFranquicias
_xAspectos socioeconómicos.
_9130777
650 1 4 _aMercadeo.
_974880
650 1 4 _aNegocios
_xCostos.
_9130778
856 _aFinding aid
_uhttp://10.13.5.2/tesis/sist112477.pdf
_zTeclea aquí
901 _aBK
942 _cTESIS
942 _n0
999 _c108938
_d108938